000
00263nam a2200109Ia 4500
005
20251222144757.0
008
251222s9999||||xx |||||||||||||| ||spa||
082
_a
337.185/C24
245
0
_a
PerĂº Competitivo en el Mercado Global:
264
_b
s.e.
942
_c
LIB
999
_c
19581
_d
19581